<?xml version="1.0" encoding="UTF-8"?>
<record
    xmlns:xsi="http://www.w3.org/2001/XMLSchema-instance"
    xsi:schemaLocation="http://www.loc.gov/MARC21/slim http://www.loc.gov/standards/marcxml/schema/MARC21slim.xsd"
    xmlns="http://www.loc.gov/MARC21/slim">

  <leader>02414    a2200253   4500</leader>
  <controlfield tag="003">NALT</controlfield>
  <controlfield tag="005">20250716140955.0</controlfield>
  <controlfield tag="008">250611b        th ||||| |||| 00| 0 tha d</controlfield>
  <datafield tag="020" ind1=" " ind2=" ">
    <subfield code="a">9786164388840</subfield>
  </datafield>
  <datafield tag="040" ind1=" " ind2=" ">
    <subfield code="a">NALT </subfield>
  </datafield>
  <datafield tag="050" ind1=" " ind2=" ">
    <subfield code="a">HF 1379</subfield>
    <subfield code="b">&#xE18;285&#xE28; 2567</subfield>
  </datafield>
  <datafield tag="100" ind1="0" ind2=" ">
    <subfield code="a">&#xE18;&#xE40;&#xE19;&#xE28; &#xE27;&#xE31;&#xE12;&#xE19;&#xE01;&#xE39;&#xE25;.</subfield>
    <subfield code="9">61776</subfield>
  </datafield>
  <datafield tag="245" ind1="1" ind2="0">
    <subfield code="a">&#xE40;&#xE28;&#xE23;&#xE29;&#xE10;&#xE28;&#xE32;&#xE2A;&#xE15;&#xE23;&#xE4C;&#xE01;&#xE32;&#xE23;&#xE04;&#xE49;&#xE32;&#xE23;&#xE30;&#xE2B;&#xE27;&#xE48;&#xE32;&#xE07;&#xE1B;&#xE23;&#xE30;&#xE40;&#xE17;&#xE28; : &#xE17;&#xE24;&#xE29;&#xE0E;&#xE35;&#xE41;&#xE25;&#xE30;&#xE19;&#xE42;&#xE22;&#xE1A;&#xE32;&#xE22; =</subfield>
    <subfield code="b">Economics of international trade : theory and policy /</subfield>
    <subfield code="c">&#xE18;&#xE40;&#xE19;&#xE28; &#xE27;&#xE31;&#xE12;&#xE19;&#xE01;&#xE39;&#xE25;.</subfield>
  </datafield>
  <datafield tag="246" ind1="3" ind2="1">
    <subfield code="a">Economics of international trade : </subfield>
    <subfield code="b">theory and policy.</subfield>
  </datafield>
  <datafield tag="250" ind1=" " ind2=" ">
    <subfield code="a">&#xE1E;&#xE34;&#xE21;&#xE1E;&#xE4C;&#xE04;&#xE23;&#xE31;&#xE49;&#xE07;&#xE17;&#xE35;&#xE48; 4.</subfield>
  </datafield>
  <datafield tag="260" ind1=" " ind2=" ">
    <subfield code="a">&#xE2B;&#xE19;&#xE2D;&#xE07;&#xE04;&#xE32;&#xE22; :</subfield>
    <subfield code="b">&#xE04;&#xE13;&#xE30;&#xE2A;&#xE2B;&#xE27;&#xE34;&#xE17;&#xE22;&#xE32;&#xE01;&#xE32;&#xE23; &#xE21;&#xE2B;&#xE32;&#xE27;&#xE34;&#xE17;&#xE22;&#xE32;&#xE25;&#xE31;&#xE22;&#xE02;&#xE2D;&#xE19;&#xE41;&#xE01;&#xE48;&#xE19; &#xE27;&#xE34;&#xE17;&#xE22;&#xE32;&#xE40;&#xE02;&#xE15;&#xE2B;&#xE19;&#xE2D;&#xE07;&#xE04;&#xE32;&#xE22;,</subfield>
    <subfield code="c">2567.</subfield>
  </datafield>
  <datafield tag="300" ind1=" " ind2=" ">
    <subfield code="a">192 &#xE2B;&#xE19;&#xE49;&#xE32; :</subfield>
    <subfield code="b">&#xE20;&#xE32;&#xE1E;&#xE1B;&#xE23;&#xE30;&#xE01;&#xE2D;&#xE1A;, &#xE15;&#xE32;&#xE23;&#xE32;&#xE07; ;</subfield>
    <subfield code="c">26 &#xE0B;&#xE21;.</subfield>
  </datafield>
  <datafield tag="505" ind1="2" ind2=" ">
    <subfield code="a">&#xE1A;&#xE17;&#xE17;&#xE35;&#xE48; 1 &#xE1A;&#xE17;&#xE19;&#xE33; -- &#xE1A;&#xE17;&#xE17;&#xE35;&#xE48; 2 &#xE17;&#xE24;&#xE29;&#xE0E;&#xE35;&#xE01;&#xE32;&#xE23;&#xE04;&#xE49;&#xE32;&#xE23;&#xE30;&#xE2B;&#xE27;&#xE48;&#xE32;&#xE07;&#xE1B;&#xE23;&#xE30;&#xE40;&#xE17;&#xE28;&#xE02;&#xE31;&#xE49;&#xE19;&#xE2A;&#xE39;&#xE07; 1 -- &#xE1A;&#xE17;&#xE17;&#xE35;&#xE48; 3 &#xE17;&#xE24;&#xE29;&#xE0E;&#xE35;&#xE01;&#xE32;&#xE23;&#xE04;&#xE49;&#xE32;&#xE23;&#xE30;&#xE2B;&#xE27;&#xE48;&#xE32;&#xE07;&#xE1B;&#xE23;&#xE30;&#xE40;&#xE17;&#xE28;&#xE02;&#xE31;&#xE49;&#xE19;&#xE2A;&#xE39;&#xE07; 2 -- &#xE1A;&#xE17;&#xE17;&#xE35;&#xE48; 4 &#xE19;&#xE42;&#xE22;&#xE1A;&#xE32;&#xE22;&#xE01;&#xE32;&#xE23;&#xE04;&#xE49;&#xE32;&#xE23;&#xE30;&#xE2B;&#xE27;&#xE48;&#xE32;&#xE07;&#xE1B;&#xE23;&#xE30;&#xE40;&#xE17;&#xE28;&#xE02;&#xE2D;&#xE07;&#xE1B;&#xE23;&#xE30;&#xE40;&#xE17;&#xE28;&#xE01;&#xE33;&#xE25;&#xE31;&#xE07;&#xE1E;&#xE31;&#xE12;&#xE19;&#xE32; -- 
&#xE1A;&#xE17;&#xE17;&#xE35;&#xE48; 5 &#xE19;&#xE42;&#xE22;&#xE1A;&#xE32;&#xE22;&#xE01;&#xE32;&#xE23;&#xE04;&#xE49;&#xE32;&#xE02;&#xE2D;&#xE07;&#xE1B;&#xE23;&#xE30;&#xE40;&#xE17;&#xE28;&#xE44;&#xE17;&#xE22;&#xE43;&#xE19;&#xE1B;&#xE31;&#xE08;&#xE08;&#xE38;&#xE1A;&#xE31;&#xE19; -- &#xE1A;&#xE17;&#xE17;&#xE35;&#xE48; 6 &#xE01;&#xE32;&#xE23;&#xE40;&#xE04;&#xE25;&#xE37;&#xE48;&#xE2D;&#xE19;&#xE22;&#xE49;&#xE32;&#xE22;&#xE1B;&#xE31;&#xE08;&#xE08;&#xE31;&#xE22;&#xE01;&#xE32;&#xE23;&#xE1C;&#xE25;&#xE34;&#xE15;&#xE23;&#xE30;&#xE2B;&#xE27;&#xE48;&#xE32;&#xE07;&#xE1B;&#xE23;&#xE30;&#xE40;&#xE17;&#xE28; -- &#xE1A;&#xE17;&#xE17;&#xE35;&#xE48; 7 &#xE01;&#xE32;&#xE23;&#xE25;&#xE07;&#xE17;&#xE38;&#xE19;&#xE42;&#xE14;&#xE22;&#xE15;&#xE23;&#xE07;&#xE43;&#xE19;&#xE15;&#xE48;&#xE32;&#xE07;&#xE1B;&#xE23;&#xE30;&#xE40;&#xE17;&#xE28; -- &#xE1A;&#xE17;&#xE17;&#xE35;&#xE48; 8 &#xE01;&#xE32;&#xE23;&#xE04;&#xE49;&#xE32;&#xE23;&#xE30;&#xE2B;&#xE27;&#xE48;&#xE32;&#xE07;&#xE1B;&#xE23;&#xE30;&#xE40;&#xE17;&#xE28;&#xE01;&#xE31;&#xE1A;&#xE01;&#xE32;&#xE23;&#xE1E;&#xE31;&#xE12;&#xE19;&#xE32;&#xE17;&#xE32;&#xE07;&#xE40;&#xE28;&#xE23;&#xE29;&#xE10;&#xE01;&#xE34;&#xE08; -- &#xE1A;&#xE17;&#xE17;&#xE35;&#xE48; 9 &#xE01;&#xE32;&#xE23;&#xE04;&#xE49;&#xE32;&#xE23;&#xE30;&#xE2B;&#xE27;&#xE48;&#xE32;&#xE07;&#xE1B;&#xE23;&#xE30;&#xE40;&#xE17;&#xE28;&#xE01;&#xE31;&#xE1A;&#xE04;&#xE27;&#xE32;&#xE21;&#xE40;&#xE08;&#xE23;&#xE34;&#xE0D;&#xE40;&#xE15;&#xE34;&#xE1A;&#xE42;&#xE15;&#xE17;&#xE32;&#xE07;&#xE40;&#xE28;&#xE23;&#xE29;&#xE10;&#xE01;&#xE34;&#xE08; -- &#xE1A;&#xE17;&#xE17;&#xE35;&#xE48; 10 &#xE01;&#xE32;&#xE23;&#xE23;&#xE27;&#xE21;&#xE01;&#xE25;&#xE38;&#xE48;&#xE21;&#xE17;&#xE32;&#xE07;&#xE40;&#xE28;&#xE23;&#xE29;&#xE10;&#xE01;&#xE34;&#xE08;.</subfield>
  </datafield>
  <datafield tag="650" ind1=" " ind2="4">
    <subfield code="a">&#xE01;&#xE32;&#xE23;&#xE04;&#xE49;&#xE32;&#xE23;&#xE30;&#xE2B;&#xE27;&#xE48;&#xE32;&#xE07;&#xE1B;&#xE23;&#xE30;&#xE40;&#xE17;&#xE28;</subfield>
    <subfield code="9">9659</subfield>
  </datafield>
  <datafield tag="942" ind1=" " ind2=" ">
    <subfield code="c">GB</subfield>
    <subfield code="2">lcc</subfield>
  </datafield>
  <datafield tag="996" ind1=" " ind2=" ">
    <subfield code="a">jidapa.t</subfield>
    <subfield code="b">ACQSTF</subfield>
    <subfield code="c">2025-06-11</subfield>
  </datafield>
  <datafield tag="996" ind1=" " ind2=" ">
    <subfield code="a">varee.k</subfield>
    <subfield code="b">LIBSTF</subfield>
    <subfield code="c">2025-06-20</subfield>
  </datafield>
  <datafield tag="996" ind1=" " ind2=" ">
    <subfield code="a">saiphon.d</subfield>
    <subfield code="b">CATSTF	</subfield>
    <subfield code="c">2025-07-16</subfield>
  </datafield>
  <datafield tag="999" ind1=" " ind2=" ">
    <subfield code="c">106862</subfield>
    <subfield code="d">106862</subfield>
  </datafield>
  <datafield tag="998" ind1=" " ind2=" ">
    <subfield code="j">104</subfield>
    <subfield code="k"> &#xE19;&#xE32;&#xE07;&#xE2A;&#xE32;&#xE27;&#xE2A;&#xE32;&#xE22;&#xE1D;&#xE19;  &#xE14;&#xE35;&#xE07;&#xE32;&#xE21;</subfield>
  </datafield>
  <datafield tag="952" ind1=" " ind2=" ">
    <subfield code="0">0</subfield>
    <subfield code="1">0</subfield>
    <subfield code="2">lcc</subfield>
    <subfield code="4">0</subfield>
    <subfield code="7">0</subfield>
    <subfield code="8">CGBL</subfield>
    <subfield code="a">NALT</subfield>
    <subfield code="b">NALT</subfield>
    <subfield code="c">GEN</subfield>
    <subfield code="d">2025-06-05</subfield>
    <subfield code="e">192</subfield>
    <subfield code="l">0</subfield>
    <subfield code="o">HF 1379 &#xE18;285&#xE28; 2567</subfield>
    <subfield code="p">3961215288</subfield>
    <subfield code="r">2025-06-05 00:00:00</subfield>
    <subfield code="w">2025-06-05</subfield>
    <subfield code="y">GB</subfield>
  </datafield>
</record>
